[Event "NBSB-chB"]
[Site "Roosendaal"]
[Date "2009.08.29"]
[Round "2"]
[White "Huijser, Peter"]
[Black "Mollema, Thomas"]
[Result "0-1"]
[WhiteElo "1696"]
[BlackElo "1653"]
[PlyCount "78"]
[EventDate "2009.08.28"]
[EventType "swiss (rapid)"]
[EventRounds "6"]
[EventCountry "NED"]
[SourceTitle "CBM 132 Extra"]
[Source "ChessBase"]
[SourceDate "2009.11.03"]
[SourceVersion "1"]
[SourceVersionDate "2009.11.03"]
[SourceQuality "1"]

1. e4 e5 2. Nf3 Nc6 3. Bc4 Bc5 4. 0-0 Nf6 5. d3 d6 6. Bg5 Bg4 7. Nbd2 Qd7 8. h3 Bh5 9. c3 h6 10. Be3 Bb6 11. Qa4 g5 12. g4 Bg6 13. Bxb6 cxb6 14. Nh2 h5 15. f3 a6 16. Qd1 0-0-0 17. a4 Rh7 18. Rf2 Rdh8 19. Ndf1 Ne8 20. Ne3 Nc7 21. b4 Ne7 22. Bb3 Ne6 23. Bxe6 Qxe6 24. c4 hxg4 25. hxg4 Kd7 26. a5 Nc6 27. Nd5 bxa5 28. bxa5 Nd4 29. Rb1 Kc8 30. Rfb2 f6 31. Rc1 Be8 32. c5 dxc5 33. Rxc5+ Bc6 34. Rc4 Rh3 35. Rf2 Nxf3+ 36. Kg2 Rxh2+ 37. Kxf3 R8h3+ 38. Ke2 Qxg4+ 39. Kd2 Rxd3+ 0-1

[Event "NBSB-chB"]
[Site "Roosendaal"]
[Date "2009.08.28"]
[Round "1"]
[White "Vogelesang, Sander"]
[Black "Huijser, Peter"]
[Result "1-0"]
[WhiteElo "1908"]
[BlackElo "1696"]
[PlyCount "112"]
[EventDate "2009.08.28"]
[EventType "swiss (rapid)"]
[EventRounds "6"]
[EventCountry "NED"]
[SourceTitle "CBM 132 Extra"]
[Source "ChessBase"]
[SourceDate "2009.11.03"]
[SourceVersion "1"]
[SourceVersionDate "2009.11.03"]
[SourceQuality "1"]

1. e4 e5 2. Nf3 d6 3. Bc4 Be7 4. Nc3 Nf6 5. d3 Bg4 6. Be3 Nc6 7. h3 Bh5 8. Nd5 Nxd5 9. Bxd5 Qd7 10. a3 Nd8 11. Bb3 Ne6 12. c3 a6 13. Bd5 c6 14. Ba2 Qc7 15. Bxe6 fxe6 16. g4 Bf7 17. Bg5 h6 18. Bxe7 Qxe7 19. Nd2 h5 20. Qe2 hxg4 21. Qxg4 Bh5 22. Qg3 0-0-0 23. f3 Rdf8 24. 0-0-0 Rf4 25. Rhg1 g6 26. Kc2 Rhf8 27. Rdf1 R8f6 28. Qg5 Qf7 29. Rg3 Bxf3 30. Nxf3 Rxf3 31. Rgxf3 Rxf3 32. Rxf3 Qxf3 33. Qxg6 Qxh3 34. Qe8+ Kc7 35. Qe7+ Kb6 36. Qxd6 Qg2+ 37. Kb3 Qd2 38. Qxe6 Qd1+ 39. Ka2 Qxd3 40. Qxe5 Qc4+ 41. Kb1 Qd3+ 42. Kc1 Qe3+ 43. Kc2 Qe2+ 44. Kb3 Qd1+ 45. Ka2 Qg4 46. Qd4+ Kc7 47. c4 Qe6 48. b3 Qf7 49. c5 a5 50. a4 Qe6 51. e5 Qd5 52. Qxd5 cxd5 53. Kb2 d4 54. Kc2 Kc6 55. e6 Kc7 56. Kd3 Kd8 1-0